000 00837 a2200205 4500
999 _c5332
_d5332
020 _a0133274616
050 0 0 _aQA300. SAF 1993
100 1 _aSaff, E. B.,
_d1944-
245 1 0 _aFundamentals of complex analysis for mathematics, science, and engineering /
_cE.B. Saff, A.D. Snider ; with an appendix by Lloyd N. Trefethen.
250 _a2nd ed.
264 _aNew Jersey:
_bPrentice hall.,
_c1993
300 _axi, 468 p. :
_bill. ;
500 _aIncludes bibliographical references and index.
504 _aIncludes bibliographical references and index.
650 0 _aMathematical analysis.
650 0 _aFunctions of complex variables.
700 1 _aSnider, Arthur David,
_d1940-
942 _2lcc
_cBK
_h300
_iSAF
_kQA